Biggest Cities of the American Old West with a Map - Statistics

General Stats
  • This quiz has been taken 10,937 times
  • The average score is 23 of 100
Answers on the Map
Answers color-coded by a green-red scale on the quiz's map according to % correct below.
 
Answer Stats
Population City % Correct
233,959 San Francisco California
95%
11,183 Los Angeles California
94%
35,629 Denver Colorado
89%
3,533 Seattle Washington
87%
2,637 San Diego California
86%
1,708 Phoenix Arizona
84%
17,577 Portland Oregon
84%
20,768 Salt Lake City Utah
84%
21,420 Sacramento California
79%
2,315 Albuquerque New Mexico
72%
1,899 Boise Idaho
68%
12,567 San Jose California
68%
6,635 Santa Fe New Mexico
68%
7,007 Tucson Arizona
63%
4,229 Carson City Nevada
61%
34,555 Oakland California
61%
3,456 Cheyenne Wyoming
60%
4,226 Colorado Springs Colorado
60%
3,624 Helena Montana
56%
2,538 Salem Oregon
53%
3,069 Boulder Colorado
43%
3,432 Provo Utah
43%
1,758 Bismarck Dakota
41%
3,460 Santa Barbara California
38%
6,069 Ogden Utah
31%
1,673 San Bernardino California
31%
10,282 Stockton California
28%
1,722 Vancouver Washington
28%
4,207 Eureka Nevada
27%
2,639 Eureka California
27%
1,396 Monterey California
24%
3,217 Pueblo Colorado
23%
3,363 Butte Montana
22%
1,384 St. George Utah
22%
3,898 Santa Cruz California
21%
2,696 Laramie Wyoming
19%
1,693 Modesto California
18%
2,416 Santa Clara California
17%
3,731 Napa California
16%
2,243 San Luis Obispo California
16%
3,616 Santa Rosa California
16%
2,803 Astoria Oregon
15%
3,588 Walla Walla Washington
14%
3,777 Deadwood Dakota
13%
3,396 Logan Utah
13%
1,854 Salinas California
12%
3,300 Chico California
10%
1,836 Prescott Arizona
10%
2,730 Golden Colorado
9%
5,708 Alameda California
8%
1,679 Austin Nevada
8%
1,437 Lead Dakota
8%
1,446 Merced California
8%
1,800 Silver City New Mexico
8%
2,232 The Dalles Oregon
8%
5,987 Vallejo California
8%
10,917 Virginia City Nevada
8%
1,732 Beaver Utah
7%
14,820 Leadville Colorado
7%
1,542 Park City Utah
7%
1,657 Breckenridge Colorado
6%
2,276 San Rafael California
6%
1,412 Visalia California
6%
1,877 Brigham City Utah
5%
1,621 Gilroy California
5%
1,490 Lehi Utah
5%
3,326 Petaluma California
5%
2,304 Spanish Fork Utah
5%
2,226 Trinidad Colorado
5%
1,825 American Fork Utah
4%
1,797 Nephi Utah
4%
4,022 Nevada City California
4%
1,951 Placerville California
4%
1,799 Watsonville California
4%
1,794 Benicia California
3%
1,501 Cañon City Colorado
3%
1,698 Ephraim Utah
3%
3,294 Georgetown Colorado
3%
1,748 Manti Utah
3%
4,321 Marysville California
3%
2,004 Mount Pleasant Utah
3%
1,743 Oroville California
3%
1,788 Payson Utah
3%
1,451 Rawlins Wyoming
3%
2,106 Red Bluff California
3%
1,492 Sonora California
3%
2,312 Springville Utah
3%
2,257 Woodland California
3%
1,540 Black Hawk Colorado
2%
2,712 Bodie California
2%
2,141 Buena Vista Colorado
2%
2,626 Central City Colorado
2%
1,779 Colusa California
2%
1,618 Fort Benton Montana
2%
4,531 Gold Hill Nevada
2%
1,775 Pleasant Grove Utah
2%
1,891 Pitkin Colorado
1%
5,040 Silver Cliff Colorado
1%
1,443 South Pueblo Colorado
1%
1,453 Ysleta Texas
1%
No matching quizzes found
Score Distribution
Percent of People with Each Score
Percentile by Number Answered
Your Score History
You have not taken this quiz